<?xml version="1.0" encoding="UTF-8"?>
<collection xmlns="http://www.loc.gov/MARC21/slim">
 <record>
  <leader>01104nam a2200289Ia 4500</leader>
  <controlfield tag="001">TVU_31497</controlfield>
  <controlfield tag="008">210423s9999    xx            000 0 und d</controlfield>
  <datafield tag="041" ind1=" " ind2=" ">
   <subfield code="a">vie</subfield>
  </datafield>
  <datafield tag="082" ind1=" " ind2=" ">
   <subfield code="a">362.14</subfield>
  </datafield>
  <datafield tag="082" ind1=" " ind2=" ">
   <subfield code="b">H108</subfield>
  </datafield>
  <datafield tag="100" ind1=" " ind2=" ">
   <subfield code="a">Nguyễn, Thanh Hào</subfield>
  </datafield>
  <datafield tag="245" ind1=" " ind2="0">
   <subfield code="a">Phân tích các nhân tố ảnh hưởng đến chất lượng khám chữa bệnh tại các trạm y tế trên địa bàn huyện Vũng Liêm, tỉnh Vĩnh Long</subfield>
  </datafield>
  <datafield tag="245" ind1=" " ind2="0">
   <subfield code="b">Luận văn thạc sĩ. Chuyên ngành: Quản lý Kinh tế. Mã ngành: 8340410</subfield>
  </datafield>
  <datafield tag="245" ind1=" " ind2="0">
   <subfield code="c">Nguyễn Thanh Hào ; Phan Văn Đàn (hướng dẫn khoa học)</subfield>
  </datafield>
  <datafield tag="260" ind1=" " ind2=" ">
   <subfield code="a">Trà Vinh</subfield>
  </datafield>
  <datafield tag="260" ind1=" " ind2=" ">
   <subfield code="b">Trường Đại học Trà Vinh</subfield>
  </datafield>
  <datafield tag="260" ind1=" " ind2=" ">
   <subfield code="c">2019</subfield>
  </datafield>
  <datafield tag="300" ind1=" " ind2=" ">
   <subfield code="a">ix, 76, 35 tr.</subfield>
  </datafield>
  <datafield tag="300" ind1=" " ind2=" ">
   <subfield code="b">minh họa</subfield>
  </datafield>
  <datafield tag="300" ind1=" " ind2=" ">
   <subfield code="c">30 cm</subfield>
  </datafield>
  <datafield tag="504" ind1=" " ind2=" ">
   <subfield code="a">Thư mục: tr. 73-76</subfield>
  </datafield>
  <datafield tag="650" ind1=" " ind2=" ">
   <subfield code="a">Khám chữa bệnh; Chất lượng</subfield>
  </datafield>
  <datafield tag="700" ind1=" " ind2=" ">
   <subfield code="a">Nguyễn Thanh Hào; Phan Văn Đàn </subfield>
  </datafield>
  <datafield tag="700" ind1=" " ind2=" ">
   <subfield code="e">hướng dẫn khoa học</subfield>
  </datafield>
  <datafield tag="710" ind1=" " ind2=" ">
   <subfield code="a">Ủy ban Nhân dân tỉnh Trà Vinh</subfield>
  </datafield>
  <datafield tag="710" ind1=" " ind2=" ">
   <subfield code="b">Trường Đại học Trà Vinh</subfield>
  </datafield>
  <datafield tag="980" ind1=" " ind2=" ">
   <subfield code="a">Trung tâm Học liệu Trường Đại học Trà Vinh</subfield>
  </datafield>
 </record>
</collection>
